| 000 | 00829nam a2200253 i 4500 | ||
|---|---|---|---|
| 001 | 186098 | ||
| 003 | SpMaBN | ||
| 005 | 20250917063102.0 | ||
| 008 | 160908s1980 sp g |||| |dspa d | ||
| 020 | _a84-376-0262-9 | ||
| 080 | _a821.134.2-31"19" | ||
| 100 | 0 |
_aBenet, Juan, _d1927-1993 _927538 |
|
| 245 | 1 | 3 |
_aUn viaje de invierno / _cJuan Benet ; edición de Diego Martínez Torrón. |
| 246 | 3 | _aUn viaje de invierno | |
| 260 |
_aMadrid : _bCátedra, _c1980. |
||
| 300 |
_a372 p., [1] h. de mús. ; _c18 cm. |
||
| 490 | 1 |
_aLetras hispánicas ; _v140 |
|
| 504 | _aBibliografía: p. 103-110. | ||
| 700 | 0 |
_aMartínez Torrón, Diego, _d1950- _978451 |
|
| 830 | 0 | 0 |
_aLetras hispánicas ; _v140 _9235703 |
| 852 |
_aES-MaACL _jL-30646 _z. - Donat. Miguel A. Velasco |
||
| 942 | _2udc | ||
| 999 |
_c186098 _d186098 |
||